000 01383nam a22002537a 4500
008 110817s2006 ua|||||r|||| 00| 0 ara d
020 _a9774192753
082 _222
_a250
_bش ا ط
100 1 _926343
_aالشاطبي ،
_qابراهيم بن موسى بن محمد
245 _aالموافقات فى أصول الشريعة /
_cأبى إسحاق الشاطبى ؛ خرج أحاديثة أحمد سيد أحمد على ؛ تعليق عبد الله دراز .
260 _aالقاهرة :
_bالهيئة المصرية العامة للكتاب ،
_c2006.
300 _a288 ص ؛
_c24 سم.
504 _aيحتوي علي ارجاعات ببليوجرافية
650 _914911
_aالسنة
650 _915066
_aالإجماع
650 _915070
_aالقياس
650 _915034
_aالشريعة الإسلامية
653 _bAra
700 1 _926780
_aعلى، أحمد السيد سيد أحمد
_eخرج أحاديثة
700 1 _926781
_aدراز، عبد الله
_eشرح تعليقات
942 _2ddc
_cBB
999 _c15862
_d15862